| 000 | 00581nam a22001097a 4500 | ||
|---|---|---|---|
| 008 | 110620t xxu||||| |||| 00| 0 eng d | ||
| 010 | _aCACAF62 M-Z | ||
| 245 | _aCourt of Appeal Civil Appeal No. 03 OF 2002 Mulindwa Birimumaso Vs Government Central Purchasing Corporation | ||
| 260 | _c2002 | ||
| 500 | _aCoram: Hon. Justice G.M. Okello, JA Hon. Justice A.E.N. Mpagi-Bahigeine, JA Hon. Justice A. Twinomujuni, JA | ||
| 500 | _aAn Appeal from the decision of the High Court of Uganda at Kampala Byamugisha, J dated 18th October, 2001 in Civil Suit No. 674 of 1998 | ||
| 999 |
_c3295 _d3295 |
||